Poradenské zručnosti a kompetencie

Profil poradcu ako nositeľa výkonu a kompetencií. Komunikačné zručnosti a schopnosti a ich význam v poradenskom procese. Prezentačné zručnosti poradcu. Kreativita ako poradenská zručnosť. Rozhodovacie kompetencie v poradenstve.

Salvato in:
Dettagli Bibliografici
Autore principale: Hanuláková, Eva, 1964-
Altri autori: Paráková, Romana
Natura: Capitolo di libro
Lingua:slovacco
Soggetti:
Tags: Aggiungi Tag
Nessun Tag, puoi essere il primo ad aggiungerne!!

MARC

LEADER 00000nla a2200000 4500
001 0175070
005 20240502073002.7
041 0 |a slo 
044 |a SK 
245 1 0 |a Poradenské zručnosti a kompetencie  |c Eva Hanuláková, Romana Paráková 
520 |a Profil poradcu ako nositeľa výkonu a kompetencií. Komunikačné zručnosti a schopnosti a ich význam v poradenskom procese. Prezentačné zručnosti poradcu. Kreativita ako poradenská zručnosť. Rozhodovacie kompetencie v poradenstve. 
610 2 0 |a poradenstvo 
610 2 0 |a poradcovia 
610 2 0 |a schopnosti pracovné 
610 2 0 |a zručnosti 
100 1 |a Hanuláková, Eva, 1964- 
700 1 |a Paráková, Romana